[Event "Amateur Tournament (ATO)"]
[Site "https://www.chess.com"]
[Date "2025.07.18"]
[Round "4"]
[White "Perego, Jonas Gion"]
[Black "Trachsel, Peter"]
[Result "1-0"]
[Board "28"]
[WhiteFideId "1354680"]
[BlackFideId "1303058"]
[WhiteElo "1792"]
[BlackElo "1695"]
[WhiteTeam "SUI"]
[BlackTeam "SUI"]
[WhiteClock "0:08:45"]
[BlackClock "0:11:34"]
[Variant "Standard"]

1. Nf3 {[%clk 1:30:55]}  d5 {[%clk 1:30:42]} 2. b3 {[%clk 1:31:22]}  Bf5 {[%clk 1:30:15]} 3. Bb2 {[%clk 1:31:46]}  e6 {[%clk 1:30:04]} 4. e3 {[%clk 1:32:10]}  Nd7 {[%clk 1:29:17]} 5. c4 {[%clk 1:32:21]}  c6 {[%clk 1:29:00]} 6. Be2 {[%clk 1:32:35]}  Ngf6 {[%clk 1:28:50]} 7. O-O {[%clk 1:32:38]}  Be7 {[%clk 1:28:44]} 8. d3 {[%clk 1:31:53]}  h6 {[%clk 1:26:54]} 9. Nbd2 {[%clk 1:30:57]}  O-O {[%clk 1:26:14]} 10. cxd5 {[%clk 1:26:01]}  cxd5 {[%clk 1:26:01]} 11. Ne5 {[%clk 1:24:34]}  Nxe5 {[%clk 1:22:17]} 12. Bxe5 {[%clk 1:24:59]}  Rc8 {[%clk 1:20:40]} 13. Nf3 {[%clk 1:22:45]}  Nd7 {[%clk 1:19:27]} 14. Bg3 {[%clk 1:21:45]}  Bf6 {[%clk 1:16:16]} 15. d4 {[%clk 1:21:22]}  a6 {[%clk 1:12:43]} 16. Qd2 {[%clk 1:20:49]}  Rc2 {[%clk 1:08:23]} 17. Qd1 {[%clk 1:19:07]}  Qb6 {[%clk 1:05:50]} 18. Rc1 {[%clk 1:14:14]}  Rfc8 {[%clk 1:05:22]} 19. Rxc2 {[%clk 1:13:52]}  Rxc2 {[%clk 1:04:19]} 20. Bd3 {[%clk 1:13:28]}  Bxd3 {[%clk 1:04:05]} 21. Qxd3 {[%clk 1:13:52]}  Rc6 {[%clk 1:00:29]} 22. Qd2 {[%clk 1:05:34]}  Qd8 {[%clk 0:58:21]} 23. Rc1 {[%clk 1:04:00]}  Qc8 {[%clk 0:58:33]} 24. Rxc6 {[%clk 1:04:15]}  Qxc6 {[%clk 0:58:51]} 25. h3 {[%clk 1:03:51]}  Be7 {[%clk 0:56:52]} 26. Qa5 {[%clk 0:57:52]}  Qc8 {[%clk 0:47:37]} 27. Bc7 {[%clk 0:50:06]}  Qf8 {[%clk 0:41:52]} 28. Qa4 {[%clk 0:48:26]}  Qc8 {[%clk 0:42:07]} 29. Qa5 {[%clk 0:48:16]}  Qf8 {[%clk 0:42:16]} 30. Ne5 {[%clk 0:44:11]}  Nxe5 {[%clk 0:39:57]} 31. dxe5 {[%clk 0:39:08]}  Qe8 {[%clk 0:39:16]} 32. Bd6 {[%clk 0:37:24]}  Qd7 {[%clk 0:35:36]} 33. Qc5 {[%clk 0:35:45]}  Bd8 {[%clk 0:34:11]} 34. Qa7 {[%clk 0:31:54]}  Qc8 {[%clk 0:32:01]} 35. a4 {[%clk 0:29:22]}  Kh7 {[%clk 0:31:02]} 36. b4 {[%clk 0:28:01]}  Kg6 {[%clk 0:20:53]} 37. Qd4 {[%clk 0:24:24]}  Kh7 {[%clk 0:20:07]} 38. a5 {[%clk 0:23:10]}  Qc4 {[%clk 0:17:10]} 39. Qxc4 {[%clk 0:14:55]}  dxc4 {[%clk 0:17:30]} 40. Kf1 {[%clk 0:15:16]}  b6 {[%clk 0:17:16]} 41. b5 {[%clk 0:08:02]}  bxa5 {[%clk 0:13:55]} 42. bxa6 {[%clk 0:08:24]}  Bb6 {[%clk 0:11:34]} 43. Bb8 {[%clk 0:08:45]} 1-0

[Event "Amateur Tournament (ATO)"]
[Site "https://www.chess.com"]
[Date "2025.07.18"]
[Round "4"]
[White "Ehrsam, Andreas"]
[Black "Cloete, Willem Francois"]
[Result "1-0"]
[Board "30"]
[WhiteFideId "1317393"]
[BlackFideId "14358387"]
[WhiteElo "1774"]
[BlackElo "1567"]
[WhiteTeam "SUI"]
[BlackTeam "RSA"]
[WhiteClock "0:47:34"]
[BlackClock "0:28:44"]
[Variant "Standard"]

1. d4 {[%clk 1:30:52]}  Nf6 {[%clk 1:30:52]} 2. Nf3 {[%clk 1:31:16]}  g6 {[%clk 1:31:15]} 3. c4 {[%clk 1:31:39]}  Bg7 {[%clk 1:31:28]} 4. Nc3 {[%clk 1:31:58]}  d6 {[%clk 1:31:36]} 5. h3 {[%clk 1:31:46]}  O-O {[%clk 1:31:56]} 6. e4 {[%clk 1:31:59]}  Na6 {[%clk 1:31:39]} 7. Be2 {[%clk 1:30:30]}  e5 {[%clk 1:30:32]} 8. d5 {[%clk 1:26:46]}  Nc5 {[%clk 1:29:47]} 9. Qc2 {[%clk 1:26:32]}  a5 {[%clk 1:29:38]} 10. Be3 {[%clk 1:26:01]}  Nh5 {[%clk 1:23:41]} 11. O-O {[%clk 1:19:48]}  Nf4 {[%clk 1:21:29]} 12. Bxf4 {[%clk 1:10:56]}  exf4 {[%clk 1:21:46]} 13. Rae1 {[%clk 1:06:42]}  f5 {[%clk 1:14:42]} 14. exf5 {[%clk 1:02:04]}  Bxf5 {[%clk 1:12:42]} 15. Qd2 {[%clk 1:01:23]}  g5 {[%clk 1:05:36]} 16. Nd4 {[%clk 1:01:16]}  Qf6 {[%clk 0:59:07]} 17. Nxf5 {[%clk 0:59:49]}  Qxf5 {[%clk 0:59:26]} 18. Bg4 {[%clk 0:59:37]}  Qg6 {[%clk 0:55:44]} 19. Nb5 {[%clk 0:52:59]}  Rae8 {[%clk 0:49:05]} 20. Nxc7 {[%clk 0:48:27]}  Re4 {[%clk 0:43:55]} 21. b3 {[%clk 0:41:39]}  Nd3 {[%clk 0:37:21]} 22. Rxe4 {[%clk 0:38:28]}  Qxe4 {[%clk 0:37:25]} 23. Ne6 {[%clk 0:37:54]}  Re8 {[%clk 0:33:56]} 24. Nxg5 {[%clk 0:30:52]}  Qg6 {[%clk 0:32:30]} 25. Ne6 {[%clk 0:30:47]}  Be5 {[%clk 0:27:03]} 26. Rd1 {[%clk 0:26:43]}  Nb2 {[%clk 0:24:24]} 27. Rf1 {[%clk 0:25:25]}  h5 {[%clk 0:19:25]} 28. Bf3 {[%clk 0:25:18]}  h4 {[%clk 0:16:30]} 29. Qe2 {[%clk 0:24:11]}  Re7 {[%clk 0:12:34]} 30. Be4 {[%clk 0:23:54]}  Qf6 {[%clk 0:10:16]} 31. Qg4+ {[%clk 0:23:31]}  Kh8 {[%clk 0:10:04]} 32. Qh5+ {[%clk 0:20:11]}  Kg8 {[%clk 0:10:17]} 33. Qg6+ {[%clk 0:19:03]}  Kh8 {[%clk 0:08:51]} 34. Qxf6+ {[%clk 0:19:06]}  Bxf6 {[%clk 0:09:06]} 35. Bc2 {[%clk 0:19:27]}  Be5 {[%clk 0:07:05]} 36. Re1 {[%clk 0:18:46]}  Rf7 {[%clk 0:05:11]} 37. Ng5 {[%clk 0:18:00]}  Re7 {[%clk 0:03:14]} 38. Nf3 {[%clk 0:17:19]}  Bf6 {[%clk 0:02:35]} 39. Rxe7 {[%clk 0:17:06]}  Bxe7 {[%clk 0:02:57]} 40. Nd4 {[%clk 0:17:25]}  Kg8 {[%clk 0:00:44]} 41. Nf5 {[%clk 0:17:34]}  Kf8 {[%clk 0:00:40]} 42. Nxe7 {[%clk 0:17:21]}  Kxe7 {[%clk 0:00:55]} 43. g3 {[%clk 0:17:23]}  fxg3 {[%clk 0:00:31]} 44. fxg3 {[%clk 0:17:51]}  a4 {[%clk 0:00:32]} 45. gxh4 {[%clk 0:17:05]}  Kf6 {[%clk 0:00:37]} 46. Kf2 {[%clk 0:17:17]}  Ke5 {[%clk 0:29:45]} 47. Ke3 {[%clk 0:47:29]}  a3 {[%clk 0:29:09]} 48. h5 {[%clk 0:47:15]}  b6 {[%clk 0:28:48]} 49. h6 {[%clk 0:47:34]}  Kf6 {[%clk 0:28:44]} 50. Kf4 {[%clk 0:47:34]} 1-0

[Event "Amateur Tournament (ATO)"]
[Site "https://www.chess.com"]
[Date "2025.07.18"]
[Round "4"]
[White "Steiner, Remo"]
[Black "Gotti, Nicola"]
[Result "1-0"]
[Board "32"]
[WhiteFideId "1360973"]
[BlackFideId "1301039"]
[WhiteElo "1690"]
[BlackElo "1738"]
[WhiteTeam "SUI"]
[BlackTeam "SUI"]
[WhiteClock "0:22:35"]
[BlackClock "0:57:53"]
[Variant "Standard"]

1. e4 {[%clk 1:30:47]}  e5 {[%clk 1:30:55]} 2. Nf3 {[%clk 1:31:10]}  Nc6 {[%clk 1:31:19]} 3. Bc4 {[%clk 1:31:34]}  Nf6 {[%clk 1:30:47]} 4. Ng5 {[%clk 1:31:32]}  d5 {[%clk 1:31:10]} 5. exd5 {[%clk 1:31:36]}  Na5 {[%clk 1:31:36]} 6. Bb5+ {[%clk 1:31:52]}  c6 {[%clk 1:32:00]} 7. dxc6 {[%clk 1:32:15]}  bxc6 {[%clk 1:32:22]} 8. Bd3 {[%clk 1:32:36]}  h6 {[%clk 1:31:20]} 9. Ne4 {[%clk 1:32:22]}  Bf5 {[%clk 1:30:29]} 10. Nxf6+ {[%clk 1:24:16]}  Qxf6 {[%clk 1:30:42]} 11. Bxf5 {[%clk 1:24:07]}  Qxf5 {[%clk 1:30:49]} 12. O-O {[%clk 1:24:17]}  Bd6 {[%clk 1:29:38]} 13. d3 {[%clk 1:23:46]}  O-O {[%clk 1:29:44]} 14. Bd2 {[%clk 1:21:14]}  Nb7 {[%clk 1:29:26]} 15. Nc3 {[%clk 1:20:53]}  Rad8 {[%clk 1:27:30]} 16. Qe2 {[%clk 1:15:13]}  Bb8 {[%clk 1:24:08]} 17. Ne4 {[%clk 1:13:29]}  Rfe8 {[%clk 1:17:11]} 18. Rae1 {[%clk 0:57:12]}  Qg6 {[%clk 1:13:15]} 19. Bc3 {[%clk 0:54:15]}  Nd6 {[%clk 1:09:27]} 20. Nxd6 {[%clk 0:43:00]}  Qxd6 {[%clk 1:07:24]} 21. Qe4 {[%clk 0:41:01]}  Re6 {[%clk 1:04:14]} 22. Re3 {[%clk 0:36:06]}  f5 {[%clk 0:58:51]} 23. Qxf5 {[%clk 0:27:57]}  e4 {[%clk 0:57:53]} 24. Qh3 {[%clk 0:22:35]} 1-0

[Event "Amateur Tournament (ATO)"]
[Site "https://www.chess.com"]
[Date "2025.07.18"]
[Round "4"]
[White "Runge, Bernd"]
[Black "Schaefer, Gion"]
[Result "1-0"]
[Board "33"]
[WhiteFideId "533024090"]
[BlackFideId "1362097"]
[WhiteElo "1642"]
[BlackElo "1812"]
[WhiteTeam "GER"]
[BlackTeam "SUI"]
[WhiteClock "0:04:16"]
[BlackClock "0:46:23"]
[Variant "Standard"]

1. Nf3 {[%clk 1:30:42]}  Nf6 {[%clk 1:30:51]} 2. b3 {[%clk 1:30:34]}  d5 {[%clk 1:30:47]} 3. d4 {[%clk 1:30:42]}  e6 {[%clk 1:30:36]} 4. e3 {[%clk 1:29:24]}  c5 {[%clk 1:29:16]} 5. Bb2 {[%clk 1:24:31]}  cxd4 {[%clk 1:29:10]} 6. Nxd4 {[%clk 1:21:17]}  Ne4 {[%clk 1:28:36]} 7. Bd3 {[%clk 1:19:05]}  Be7 {[%clk 1:26:08]} 8. O-O {[%clk 1:12:32]}  Nd7 {[%clk 1:25:28]} 9. c4 {[%clk 1:06:12]}  Ndc5 {[%clk 1:22:39]} 10. f3 {[%clk 1:01:57]}  Nxd3 {[%clk 1:22:09]} 11. Qxd3 {[%clk 1:02:19]}  Nc5 {[%clk 1:20:00]} 12. Qc2 {[%clk 1:00:53]}  Bg5 {[%clk 1:09:12]} 13. f4 {[%clk 0:55:12]}  Bf6 {[%clk 1:09:09]} 14. cxd5 {[%clk 0:54:25]}  Qxd5 {[%clk 1:08:58]} 15. Nc3 {[%clk 0:52:34]}  Qh5 {[%clk 1:04:59]} 16. b4 {[%clk 0:37:16]}  Nd7 {[%clk 1:02:19]} 17. Ne4 {[%clk 0:33:22]}  O-O {[%clk 1:00:58]} 18. Rf3 {[%clk 0:30:38]}  e5 {[%clk 0:58:16]} 19. Rh3 {[%clk 0:29:28]}  Qg6 {[%clk 0:56:39]} 20. f5 {[%clk 0:23:51]}  Qg4 {[%clk 0:54:50]} 21. Nf2 {[%clk 0:21:26]}  Qg5 {[%clk 0:55:01]} 22. Rg3 {[%clk 0:19:00]}  Qh5 {[%clk 0:52:39]} 23. Nf3 {[%clk 0:18:08]}  Nb6 {[%clk 0:50:54]} 24. e4 {[%clk 0:17:52]}  Bh4 {[%clk 0:49:33]} 25. Nxh4 {[%clk 0:14:59]}  Qxh4 {[%clk 0:49:40]} 26. Bxe5 {[%clk 0:15:13]}  f6 {[%clk 0:49:32]} 27. Bd4 {[%clk 0:13:57]}  Bd7 {[%clk 0:47:14]} 28. Be3 {[%clk 0:13:27]}  Rac8 {[%clk 0:46:45]} 29. Qb3+ {[%clk 0:13:18]}  Kh8 {[%clk 0:46:44]} 30. Rh3 {[%clk 0:13:34]}  Ba4 {[%clk 0:46:24]} 31. Qa3 {[%clk 0:12:48]}  Qxh3 {[%clk 0:45:48]} 32. gxh3 {[%clk 0:12:49]}  Bc6 {[%clk 0:46:03]} 33. Bxb6 {[%clk 0:12:52]}  axb6 {[%clk 0:46:25]} 34. Rd1 {[%clk 0:12:20]}  Ra8 {[%clk 0:46:43]} 35. Qb2 {[%clk 0:12:12]}  Ba4 {[%clk 0:46:07]} 36. Rd6 {[%clk 0:11:58]}  b5 {[%clk 0:46:02]} 37. Rd7 {[%clk 0:10:45]}  Rac8 {[%clk 0:46:03]} 38. Rd2 {[%clk 0:09:38]}  Rc4 {[%clk 0:46:13]} 39. e5 {[%clk 0:04:32]}  fxe5 {[%clk 0:46:08]} 40. Qxe5 {[%clk 0:04:37]}  Bc2 {[%clk 0:46:21]} 41. Rd7 {[%clk 0:04:21]}  Rg8 {[%clk 0:46:23]} 42. Rc7 {[%clk 0:04:16]} 1-0

[Event "Amateur Tournament (ATO)"]
[Site "https://www.chess.com"]
[Date "2025.07.18"]
[Round "4"]
[White "Mogasale, Chetan"]
[Black "Klas, Friedrich Guenther"]
[Result "1/2-1/2"]
[Board "34"]
[WhiteFideId "1356615"]
[BlackFideId "24669970"]
[WhiteElo "1811"]
[BlackElo "1686"]
[WhiteTeam "SUI"]
[BlackTeam "GER"]
[WhiteClock "0:04:00"]
[BlackClock "0:08:30"]
[Variant "Standard"]

1. e4 {[%clk 1:30:56]}  c6 {[%clk 1:30:47]} 2. d4 {[%clk 1:31:19]}  d5 {[%clk 1:31:06]} 3. Nc3 {[%clk 1:31:43]}  dxe4 {[%clk 1:31:34]} 4. Bc4 {[%clk 1:31:59]}  Nf6 {[%clk 1:31:24]} 5. f3 {[%clk 1:32:22]}  exf3 {[%clk 1:29:11]} 6. Nxf3 {[%clk 1:32:45]}  Bf5 {[%clk 1:28:10]} 7. O-O {[%clk 1:33:06]}  e6 {[%clk 1:28:01]} 8. Ne5 {[%clk 1:33:22]}  Bg6 {[%clk 1:27:51]} 9. Bg5 {[%clk 1:33:22]}  Be7 {[%clk 1:25:50]} 10. Qd2 {[%clk 1:31:46]}  Nbd7 {[%clk 1:21:48]} 11. Qf2 {[%clk 1:26:02]}  O-O {[%clk 1:20:47]} 12. Kh1 {[%clk 1:25:02]}  Qc7 {[%clk 1:15:22]} 13. Rae1 {[%clk 1:22:04]}  Rae8 {[%clk 1:13:42]} 14. Qg3 {[%clk 1:14:20]}  Bd6 {[%clk 1:07:24]} 15. Bd3 {[%clk 0:37:55]}  Nh5 {[%clk 1:02:44]} 16. Qh4 {[%clk 0:28:27]}  Nxe5 {[%clk 0:55:35]} 17. Bxg6 {[%clk 0:27:16]}  Nxg6 {[%clk 0:53:28]} 18. Qxh5 {[%clk 0:26:44]}  Qa5 {[%clk 0:47:32]} 19. Qg4 {[%clk 0:22:31]}  Bb4 {[%clk 0:41:31]} 20. Bd2 {[%clk 0:20:46]}  Qa6 {[%clk 0:36:39]} 21. h4 {[%clk 0:18:49]}  f5 {[%clk 0:33:19]} 22. Qg3 {[%clk 0:18:20]}  Be7 {[%clk 0:31:48]} 23. Bg5 {[%clk 0:16:53]}  f4 {[%clk 0:21:52]} 24. Qg4 {[%clk 0:16:20]}  Rf5 {[%clk 0:20:06]} 25. Bxe7 {[%clk 0:15:20]}  Nxe7 {[%clk 0:18:57]} 26. Rxf4 {[%clk 0:14:56]}  Rxf4 {[%clk 0:18:02]} 27. Qxf4 {[%clk 0:15:19]}  Qc4 {[%clk 0:15:18]} 28. Rf1 {[%clk 0:13:55]}  e5 {[%clk 0:14:54]} 29. dxe5 {[%clk 0:08:33]}  Qxf4 {[%clk 0:11:09]} 30. Rxf4 {[%clk 0:08:57]}  Ng6 {[%clk 0:10:25]} 31. Ra4 {[%clk 0:09:07]}  a6 {[%clk 0:09:33]} 32. Rb4 {[%clk 0:09:08]}  b5 {[%clk 0:09:45]} 33. Rd4 {[%clk 0:08:34]}  Rxe5 {[%clk 0:08:16]} 34. Rd6 {[%clk 0:08:05]}  Rc5 {[%clk 0:08:08]} 35. Rd8+ {[%clk 0:03:48]}  Kf7 {[%clk 0:08:30]} 36. Rd7+ {[%clk 0:04:00]} 1/2-1/2

[Event "Amateur Tournament (ATO)"]
[Site "https://www.chess.com"]
[Date "2025.07.18"]
[Round "4"]
[White "Balsiger, Matthias"]
[Black "Juchler, Celine"]
[Result "1-0"]
[Board "36"]
[WhiteFideId "1320653"]
[BlackFideId "1301136"]
[WhiteElo "1748"]
[BlackElo "1654"]
[WhiteTeam "SUI"]
[BlackTeam "SUI"]
[WhiteClock "0:18:31"]
[BlackClock "0:27:07"]
[Variant "Standard"]

1. e4 {[%clk 1:30:52]}  e6 {[%clk 1:30:57]} 2. d4 {[%clk 1:31:11]}  d5 {[%clk 1:31:18]} 3. exd5 {[%clk 1:31:25]}  exd5 {[%clk 1:31:26]} 4. Nf3 {[%clk 1:31:14]}  Nf6 {[%clk 1:31:22]} 5. Bg5 {[%clk 1:29:24]}  Be7 {[%clk 1:30:32]} 6. Bd3 {[%clk 1:29:18]}  h6 {[%clk 1:29:29]} 7. Bh4 {[%clk 1:25:26]}  O-O {[%clk 1:28:59]} 8. O-O {[%clk 1:24:31]}  Bg4 {[%clk 1:28:02]} 9. Nc3 {[%clk 1:23:03]}  c6 {[%clk 1:26:51]} 10. Re1 {[%clk 1:22:58]}  Nbd7 {[%clk 1:26:00]} 11. h3 {[%clk 1:20:26]}  Bh5 {[%clk 1:23:33]} 12. g4 {[%clk 1:17:36]}  Bg6 {[%clk 1:22:17]} 13. Bxg6 {[%clk 1:17:24]}  fxg6 {[%clk 1:22:13]} 14. Qd3 {[%clk 1:10:04]}  Qe8 {[%clk 1:19:26]} 15. Re6 {[%clk 1:03:09]}  Qf7 {[%clk 1:17:44]} 16. Re3 {[%clk 0:57:16]}  Rae8 {[%clk 1:13:03]} 17. Rae1 {[%clk 0:54:34]}  Bd6 {[%clk 1:11:39]} 18. Ne5 {[%clk 0:51:16]}  Nxe5 {[%clk 1:07:40]} 19. dxe5 {[%clk 0:49:58]}  Bc5 {[%clk 1:06:46]} 20. exf6 {[%clk 0:48:02]}  Bxe3 {[%clk 1:05:33]} 21. Rxe3 {[%clk 0:48:05]}  gxf6 {[%clk 1:04:05]} 22. Bg3 {[%clk 0:45:29]}  Rxe3 {[%clk 1:00:39]} 23. Qxe3 {[%clk 0:45:36]}  a6 {[%clk 0:59:10]} 24. Qxh6 {[%clk 0:42:13]}  Re8 {[%clk 0:58:34]} 25. Qd2 {[%clk 0:41:22]}  Qd7 {[%clk 0:55:45]} 26. f3 {[%clk 0:40:50]}  Qd8 {[%clk 0:53:24]} 27. Kg2 {[%clk 0:36:33]}  Qb6 {[%clk 0:50:40]} 28. b3 {[%clk 0:32:50]}  g5 {[%clk 0:48:41]} 29. Bf2 {[%clk 0:32:06]}  Qc7 {[%clk 0:48:47]} 30. Qd3 {[%clk 0:27:49]}  Kg7 {[%clk 0:48:15]} 31. Ne2 {[%clk 0:26:00]}  c5 {[%clk 0:40:52]} 32. Ng3 {[%clk 0:25:51]}  d4 {[%clk 0:39:50]} 33. c3 {[%clk 0:25:43]}  dxc3 {[%clk 0:33:41]} 34. Qxc3 {[%clk 0:25:48]}  Rh8 {[%clk 0:33:03]} 35. Qxc5 {[%clk 0:23:47]}  Qxc5 {[%clk 0:30:30]} 36. Bxc5 {[%clk 0:23:56]}  Kg6 {[%clk 0:30:35]} 37. Nf5 {[%clk 0:20:48]}  Re8 {[%clk 0:29:44]} 38. Kf2 {[%clk 0:20:03]}  Re5 {[%clk 0:30:08]} 39. b4 {[%clk 0:20:00]}  a5 {[%clk 0:29:32]} 40. a3 {[%clk 0:20:08]}  a4 {[%clk 0:29:37]} 41. Be3 {[%clk 0:18:45]}  Kf7 {[%clk 0:28:46]} 42. Nd6+ {[%clk 0:18:22]}  Ke7 {[%clk 0:28:04]} 43. Nxb7 {[%clk 0:18:34]}  Rd5 {[%clk 0:27:07]} 44. Nc5 {[%clk 0:18:31]} 1-0

[Event "Amateur Tournament (ATO)"]
[Site "https://www.chess.com"]
[Date "2025.07.18"]
[Round "4"]
[White "Ulmann, Olivier"]
[Black "Ademi, Rexhe"]
[Result "1-0"]
[Board "38"]
[WhiteFideId "1316770"]
[BlackFideId "1350366"]
[WhiteElo "1733"]
[BlackElo "1605"]
[WhiteTeam "SUI"]
[BlackTeam "SUI"]
[WhiteClock "0:37:13"]
[BlackClock "1:23:41"]
[Variant "Standard"]

1. d4 {[%clk 1:30:40]}  Nf6 {[%clk 1:30:52]} 2. Bf4 {[%clk 1:30:34]}  d6 {[%clk 1:30:59]} 3. Nf3 {[%clk 1:30:41]}  Bg4 {[%clk 1:31:07]} 4. Nbd2 {[%clk 1:30:32]}  g6 {[%clk 1:31:24]} 5. e3 {[%clk 1:30:27]}  Bg7 {[%clk 1:31:45]} 6. Be2 {[%clk 1:30:28]}  O-O {[%clk 1:32:06]} 7. h3 {[%clk 1:30:44]}  Bd7 {[%clk 1:32:07]} 8. O-O {[%clk 1:30:22]}  c6 {[%clk 1:32:17]} 9. c4 {[%clk 1:28:53]}  Na6 {[%clk 1:32:28]} 10. a3 {[%clk 1:28:55]}  Qb6 {[%clk 1:32:03]} 11. b4 {[%clk 1:28:34]}  c5 {[%clk 1:32:10]} 12. bxc5 {[%clk 1:25:15]}  dxc5 {[%clk 1:32:38]} 13. Rb1 {[%clk 1:24:12]}  Qa5 {[%clk 1:32:14]} 14. Rxb7 {[%clk 1:23:48]}  Qxa3 {[%clk 1:32:40]} 15. Qa1 {[%clk 1:15:00]}  Qxa1 {[%clk 1:32:06]} 16. Rxa1 {[%clk 1:15:19]}  Nb4 {[%clk 1:30:47]} 17. Rbxa7 {[%clk 1:11:23]}  Rxa7 {[%clk 1:30:56]} 18. Rxa7 {[%clk 1:11:42]}  cxd4 {[%clk 1:31:11]} 19. exd4 {[%clk 1:08:29]}  Rd8 {[%clk 1:31:01]} 20. Bc7 {[%clk 1:07:45]}  Rc8 {[%clk 1:30:55]} 21. Ne5 {[%clk 1:05:24]}  Be8 {[%clk 1:26:43]} 22. Ba5 {[%clk 1:01:30]}  Nc2 {[%clk 1:25:51]} 23. Ndf3 {[%clk 0:59:21]}  e6 {[%clk 1:25:21]} 24. Bd3 {[%clk 0:54:15]}  Na1 {[%clk 1:25:04]} 25. c5 {[%clk 0:51:15]}  Nd5 {[%clk 1:24:53]} 26. Ba6 {[%clk 0:49:04]}  Rb8 {[%clk 1:24:49]} 27. c6 {[%clk 0:46:02]}  Rb1+ {[%clk 1:24:18]} 28. Kh2 {[%clk 0:46:16]}  Rc1 {[%clk 1:24:24]} 29. Ra8 {[%clk 0:46:19]}  Kf8 {[%clk 1:24:21]} 30. c7 {[%clk 0:42:55]}  Nxc7 {[%clk 1:24:11]} 31. Bxc7 {[%clk 0:42:38]}  Rxc7 {[%clk 1:24:35]} 32. Bb5 {[%clk 0:42:38]}  Ke7 {[%clk 1:24:06]} 33. Rxe8+ {[%clk 0:41:31]}  Kf6 {[%clk 1:23:32]} 34. Nd7+ {[%clk 0:41:34]}  Kf5 {[%clk 1:23:37]} 35. Bd3+ {[%clk 0:40:17]}  Kf4 {[%clk 1:23:29]} 36. Nde5 {[%clk 0:38:50]}  Bxe5 {[%clk 1:23:31]} 37. dxe5 {[%clk 0:37:33]}  Nb3 {[%clk 1:23:40]} 38. Rb8 {[%clk 0:37:02]}  Nc1 {[%clk 1:23:41]} 39. Rb4+ {[%clk 0:37:13]} 1-0

[Event "Amateur Tournament (ATO)"]
[Site "https://www.chess.com"]
[Date "2025.07.18"]
[Round "4"]
[White "Navarini, Vincent"]
[Black "Huber, Ruth"]
[Result "1-0"]
[Board "39"]
[WhiteFideId "1345249"]
[BlackFideId "1315234"]
[WhiteElo "1731"]
[BlackElo "1600"]
[WhiteTeam "SUI"]
[BlackTeam "SUI"]
[WhiteClock "0:29:46"]
[BlackClock "0:30:46"]
[Variant "Standard"]

1. d4 {[%clk 1:23:09]}  Nf6 {[%clk 1:30:34]} 2. c4 {[%clk 1:23:35]}  g6 {[%clk 1:30:41]} 3. Nc3 {[%clk 1:24:02]}  Bg7 {[%clk 1:30:58]} 4. e4 {[%clk 1:24:29]}  d6 {[%clk 1:30:54]} 5. Be2 {[%clk 1:24:52]}  O-O {[%clk 1:30:43]} 6. Bg5 {[%clk 1:25:18]}  Nbd7 {[%clk 1:29:54]} 7. Qd2 {[%clk 1:14:11]}  c6 {[%clk 1:28:00]} 8. f3 {[%clk 0:54:42]}  a6 {[%clk 1:25:00]} 9. a4 {[%clk 0:52:03]}  b6 {[%clk 1:22:33]} 10. Rb1 {[%clk 0:45:17]}  Bb7 {[%clk 1:19:10]} 11. b4 {[%clk 0:44:08]}  e5 {[%clk 1:15:43]} 12. d5 {[%clk 0:41:25]}  cxd5 {[%clk 1:06:27]} 13. cxd5 {[%clk 0:36:34]}  Qc7 {[%clk 1:05:02]} 14. Nh3 {[%clk 0:31:57]}  Rac8 {[%clk 1:04:19]} 15. Rc1 {[%clk 0:31:32]}  Qb8 {[%clk 1:04:15]} 16. O-O {[%clk 0:31:20]}  Ne8 {[%clk 1:00:05]} 17. Be7 {[%clk 0:29:19]}  Nef6 {[%clk 0:57:49]} 18. Bxf8 {[%clk 0:27:59]}  Bxf8 {[%clk 0:57:32]} 19. Nb1 {[%clk 0:26:26]}  h5 {[%clk 0:55:55]} 20. Rxc8 {[%clk 0:14:10]}  Kh7 {[%clk 0:54:34]} 21. Rfc1 {[%clk 0:13:42]}  Bh6 {[%clk 0:51:28]} 22. Qc3 {[%clk 0:04:42]}  Be3+ {[%clk 0:49:25]} 23. Kf1 {[%clk 0:01:54]}  Bxc1 {[%clk 0:49:17]} 24. Ng5+ {[%clk 0:01:52]}  Kg7 {[%clk 0:43:46]} 25. Nxf7 {[%clk 0:01:26]}  Kh7 {[%clk 0:30:46]} 26. g3 {[%clk 0:29:46]} 1-0

[Event "Amateur Tournament (ATO)"]
[Site "https://www.chess.com"]
[Date "2025.07.18"]
[Round "4"]
[White "Michel, Jean-claude"]
[Black "Moreno Enric"]
[Result "1-0"]
[Board "40"]
[WhiteFideId "1301241"]
[BlackFideId "1365690"]
[WhiteElo "1730"]
[BlackElo "1592"]
[WhiteTeam "SUI"]
[BlackTeam "SUI"]
[WhiteClock "0:56:02"]
[BlackClock "1:01:18"]
[Variant "Standard"]

1. d4 {[%clk 1:30:49]}  Nf6 {[%clk 1:30:46]} 2. c4 {[%clk 1:31:10]}  g6 {[%clk 1:31:02]} 3. Nf3 {[%clk 1:31:06]}  Bg7 {[%clk 1:31:20]} 4. g3 {[%clk 1:31:21]}  d6 {[%clk 1:31:21]} 5. Bg2 {[%clk 1:31:39]}  O-O {[%clk 1:31:32]} 6. Nc3 {[%clk 1:31:17]}  Re8 {[%clk 1:31:35]} 7. O-O {[%clk 1:28:28]}  Bf5 {[%clk 1:30:41]} 8. Qb3 {[%clk 1:24:26]}  b6 {[%clk 1:28:24]} 9. Nh4 {[%clk 1:21:03]}  c6 {[%clk 1:23:27]} 10. Nxf5 {[%clk 1:20:38]}  gxf5 {[%clk 1:23:45]} 11. Re1 {[%clk 1:17:40]}  e6 {[%clk 1:23:25]} 12. Bg5 {[%clk 1:17:02]}  d5 {[%clk 1:22:32]} 13. Rac1 {[%clk 1:12:42]}  Na6 {[%clk 1:19:27]} 14. cxd5 {[%clk 1:12:44]}  cxd5 {[%clk 1:19:36]} 15. Nb5 {[%clk 1:09:03]}  Re7 {[%clk 1:14:39]} 16. Rc2 {[%clk 1:04:39]}  Rc8 {[%clk 1:12:50]} 17. Rec1 {[%clk 1:04:23]}  Rxc2 {[%clk 1:08:03]} 18. Qxc2 {[%clk 1:01:38]}  Re8 {[%clk 1:07:57]} 19. Nxa7 {[%clk 1:00:42]}  Qb8 {[%clk 1:06:58]} 20. Nc6 {[%clk 1:00:20]}  Qc7 {[%clk 1:05:14]} 21. a3 {[%clk 0:57:25]}  Ne4 {[%clk 1:04:45]} 22. Bxe4 {[%clk 0:54:51]}  fxe4 {[%clk 1:03:12]} 23. Ne7+ {[%clk 0:54:50]}  Rxe7 {[%clk 1:03:15]} 24. Bxe7 {[%clk 0:55:09]}  Qxe7 {[%clk 1:03:44]} 25. Qc8+ {[%clk 0:55:30]}  Qf8 {[%clk 1:03:23]} 26. Qxa6 {[%clk 0:55:46]}  Bf6 {[%clk 1:00:59]} 27. Rc8 {[%clk 0:55:41]}  Bd8 {[%clk 1:01:18]} 28. Qa8 {[%clk 0:56:02]} 1-0

[Event "Amateur Tournament (ATO)"]
[Site "https://www.chess.com"]
[Date "2025.07.18"]
[Round "4"]
[White "Jakob, Dominic"]
[Black "Bellm, Juergen"]
[Result "0-1"]
[Board "41"]
[WhiteFideId "1346920"]
[BlackFideId "533007349"]
[WhiteElo "1598"]
[BlackElo "1728"]
[WhiteTeam "SUI"]
[BlackTeam "GER"]
[WhiteClock "0:43:41"]
[BlackClock "1:15:13"]
[Variant "Standard"]

1. e3 {[%clk 1:30:54]}  e5 {[%clk 1:30:28]} 2. d4 {[%clk 1:31:16]}  e4 {[%clk 1:30:14]} 3. c4 {[%clk 1:30:26]}  Nf6 {[%clk 1:28:58]} 4. Nc3 {[%clk 1:29:59]}  c6 {[%clk 1:28:47]} 5. f3 {[%clk 1:28:27]}  Bb4 {[%clk 1:26:41]} 6. Bd2 {[%clk 1:27:43]}  d5 {[%clk 1:26:15]} 7. a3 {[%clk 1:18:00]}  Bxc3 {[%clk 1:26:10]} 8. Bxc3 {[%clk 1:18:15]}  O-O {[%clk 1:26:03]} 9. f4 {[%clk 1:13:47]}  Re8 {[%clk 1:25:07]} 10. h3 {[%clk 0:59:57]}  Ng4 {[%clk 1:15:13]} 11. Bd3 {[%clk 0:43:41]} 0-1